000 00770nam a2200181Ia 4500
008 151202s9999||||xx |||||||||||||| ||und||
082 _bPNVM-82250
100 _aजावडेकर मुरलीधर.
245 _aहिंदू समाजाचा छेदाभ्यास.
260 _b"मुरलीधर जावडेकर साहित्यकला प्रतिष्ठान,पुणे."
260 _c2012
300 _a82
600 _aजावडेकर मुरलीधर.
630 _aहिंदू समाजाचा छेदाभ्यास.
700 _aजावडेकर मुरलीधर.
730 _aहिंदू समाजाचा छेदाभ्यास.
942 _cBOOK
999 _c1346858
_d1346855